000 00628nam a22002057a 4500
005 20251108164038.0
008 250721s1989 xx 000 0 ara d
082 1 4 _a956/ناط
100 1 _aالناطور، شحادة
245 1 0 _aمدخل إلى تاريخ الحضارة العربية والاسلامية /
264 1 _aعمان :
_bدار الأمل،
_c1989.
300 _a350ص
650 1 7 _aالتاريخ
650 1 7 _aالحضارة العربية
650 1 7 _aالحضارة الإسلامية
700 1 _aعودات، أحمد
700 1 _aبيضون، جميل
942 _2ddc
_cBK
999 _c2234
_d2234